| 000 | 00975nas a2200277 4500 | ||
|---|---|---|---|
| 001 | BR8805504 | ||
| 003 | BR-BrBNA | ||
| 005 | 20231205091312.0 | ||
| 007 | ta | ||
| 008 | 230509b bl.|||p| |||| 00| 00por d | ||
| 040 |
_aBR-BrBNA _bpor _cBiblioteca Nacional de Agricultura |
||
| 041 | _a(Pt) | ||
| 072 | _aF04 | ||
| 100 | 1 | _aSilva, J.J.S. e | |
| 100 | 1 | _aBohnen, H. | |
| 245 | 1 | _aAplicacao de N,K,S suas relacoes com o rendimento, teor de nitrogenio, nitrato e potassio de graos de ervilha em casa de vegetacao | |
| 246 | 1 | _aYield and nitrogen, nitrate and potassium content in the grain of pea using N,K,S in the greenhouse | |
| 650 | _aERVILHA | ||
| 650 | _aFERTILIZANTE POTASSICO | ||
| 650 | _aFERTILIZANTE NITROGENADO | ||
| 650 | _aNITRATO | ||
| 650 | _aESTUFA | ||
| 773 | 0 |
_tPesquisa Agropecuaria Brasileira (Brazil) _xISSN 0100-204X _g(Sep-Oct 1987), v. 22(9-10) p. 935-941 _wBR8805504 |
|
| 909 |
_a202311 _bLúcia _c55 _dLúcia Elande |
||
| 942 |
_2AGRIS _n0 _cANA |
||
| 999 |
_c124227 _d124227 |
||